000 00311nam a22001337a 4500
008 170713b xxu||||| |||| 00| 0 eng d
020 _a9780543223142
041 _aeng
080 _24 RD
_a17
100 _a24
101 _aFIL
245 _aCONTEMPORARY ISSUES IN BIOTHICS
_cBECHAMP.T.L
942 _2udc
_cBK
999 _c20620
_d20620